[Event "Bangkok op 14th"]
[Site "Bangkok"]
[Date "2014.04.13"]
[Round "3"]
[White "Frost, Peter"]
[Black "Suresh, Seethapathy"]
[Result "1-0"]
[WhiteElo "1809"]
[BlackElo "1533"]
[PlyCount "82"]
[EventDate "2014.04.12"]
[EventType "swiss"]
[EventRounds "9"]
[EventCountry "THA"]
[SourceTitle "CBM 159 Extra"]
[Source "ChessBase"]
[SourceDate "2014.04.24"]
[SourceVersion "1"]
[SourceVersionDate "2014.04.24"]
[SourceQuality "1"]

1. e4 d5 2. exd5 Qxd5 3. Nc3 Qa5 4. d4 Nf6 5. Nf3 c6 6. Bc4 Bf5 7. 0-0 e6 8. Bd2 Bb4 9. Re1 Nbd7 10. a3 Bxc3 11. Bxc3 Qc7 12. Bd3 Bg6 13. Ne5 Bxd3 14. Qxd3 0-0 15. Nxd7 Qxd7 16. Rad1 Rad8 17. h3 Qc8 18. Qg3 Qb8 19. Qxb8 Rxb8 20. b3 Rbd8 21. Bb2 b6 22. c4 Rfe8 23. Kf1 Kf8 24. a4 a5 25. Ba3+ Kg8 26. Bc1 h6 27. Bf4 Rd7 28. Rd2 Red8 29. Red1 g5 30. Be3 Ne4 31. Rd3 f5 32. Ke2 f4 33. Bc1 Kf7 34. h4 Kg6 35. hxg5 hxg5 36. Bb2 Kf5 37. f3 Ng3+ 38. Kf2 Nh1+ 39. Rxh1 c5 40. Rhd1 e5 41. d5 g4 1-0